000 00513nam a2200193Ia 4500
003 OSt
005 20240224121714.0
008 210210b1993 xxu||||| |||| 00| 0 eng d
040 _cAL
041 _aKannada
082 _aK894.3 SAYM
100 _aSAYISUTE ಸಾಯಿಸುತೆ
_989577
245 _aMadhura aradhana.
_bಮಧುರ ಆರಾಧನ
260 _aTumakuru
_bKarnataka Sahitya Prakashana
_c1993
300 _a254
690 _aKannada Fiction
_989578
906 _a047875
942 _2ddc
_cBK
999 _c96784
_d96784